=LDR 00000nam 2200000 4500 =001 INLIS000000000029577 =005 20130612131811 =008 ***********************************ind** =035 ##$$0010-061300000029577 =041 ##$$a ind =082 ##$$a 664 =090 ##$$a 664, WIN k =100 ##$$a Winarno, F.G =245 ##$$a Kimia pangan dan gizi, F.G. Winarno =260 ##$$a 1991 $b Jakarta =300 ##$$a xiii, 253 hlm., ilus., 21 cm =650 ##$$a Kimia Pangan =850 ##$$a NBPNMAT =990 ##$$a 00054915